000
00318nam a22001457a 4500
008
210511b ||||| |||| 00| 0 eng d
020
_a
9780300036091
041
_a
eng
080
_a
7
082
_a
7
100
_a
44
101
_a
ART
245
_a
England in the age of Hogarth
_c
Derek Jarrett
942
_2
udc
_c
BK
999
_c
57155
_d
57155